| 000 | 00618nam a2200193Ia 4500 | ||
|---|---|---|---|
| 003 | GCL | ||
| 008 | 140319s9999 xx 000 0 ara d | ||
| 040 |
_aGCL / _cGCL |
||
| 082 | 0 | 4 |
_a819.6 _bع ن |
| 100 | 1 | _aعلى بن محمد | |
| 245 | 1 | 0 |
_aالنثر العربى الاندلسى فى القرن الخامس مضامينة واشكاله / _cعلى بن محمد |
| 260 |
_a[S.N] : _bدار الغرب الاسلامى ، _c1990 |
||
| 490 | _a | ||
| 650 | 0 | 4 | _aالادب العربى |
| 650 | 0 | 4 | _aالنثر العربى |
| 650 | 0 | 4 | _aالاندلس |
| 650 | 0 | 4 | _aتاريخ ونقد |
| 942 |
_2ddc _cBK |
||
| 999 |
_c34485 _d34485 |
||